Fantasy baseball and mathematics : Student Workbook

This workbook is designed to be used in conjunction with Fantasy Baseball and Mathematics: A Resource Guide for Teachers and Parents. The games and activities in Fantasy Baseball and Mathematics were created to get you excited about learning and practicing math, even if you are not a big sports fan.

Guardado en:
Detalles Bibliográficos
Autor principal: Flockhart, Dan
Formato: Libro
Lenguaje:Undetermined
Publicado: San Francisco, CA Jossey-Bass 2007
Materias:
Etiquetas: Agregar Etiqueta
Sin Etiquetas, Sea el primero en etiquetar este registro!
Thư viện lưu trữ: Trung tâm Học liệu Trường Đại học Cần Thơ
LEADER 01128nam a2200229Ia 4500
001 CTU_163791
008 210402s9999 xx 000 0 und d
020 |c 9.95 
082 |a 793.7 
082 |b F628 
100 |a Flockhart, Dan 
245 0 |a Fantasy baseball and mathematics : 
245 0 |b Student Workbook 
245 0 |c Dan Flockhart 
260 |a San Francisco, CA 
260 |b Jossey-Bass 
260 |c 2007 
520 |a This workbook is designed to be used in conjunction with Fantasy Baseball and Mathematics: A Resource Guide for Teachers and Parents. The games and activities in Fantasy Baseball and Mathematics were created to get you excited about learning and practicing math, even if you are not a big sports fan. 
650 |a Mathematics,Sports,Mathematical recreations,Games in mathematics education,Toán học,Thể thao,Toán học tiêu khiển 
650 |x Study and teaching (Elementary),Mathematics,Nghiên cứu và giảng dạy (Tiểu học),Toán,Trò chơi trong toán học giáo dục 
904 |i Qhieu 
980 |a Trung tâm Học liệu Trường Đại học Cần Thơ